01186nam a2200241Ia 4500001000900000003001000009008004100019040002500060041001400085100002000099245002700119250001100146260006700157300001200224500017700236501011400413520017700527650002900704942000700733957000600740999004000746952015800786L099-512IT-CnALBA170116s9999||||xx |||||||||||||| ||und|| aIT-CnALBAcIT-CnALBA aFRANCESE  aDE KEMPIS TOMAS 0aL'IMITATION DE CHRIST  a1a ed. aCINISELLO BALSAMO (MI)bEDIZIONI PAOLINEc1962 [1° Ed.: n.d.] a302 p.  aCONSIGLI UTILI PER LA VITA SPIRITUALE. INVITO ALLA VITA INTERIORE. IL SACRAMENTO DELL'EUCARESTIA. PREFAZIONE DI PARVILLEZ. CURATORE RAVINAUD DOMINIQUE. SOCIETÀ S. PAOLO.  aSocietà San Paolo EM - Piazza San Paolo, 14 - 12051 ALBA (CN) (non commercial uses only) ® Copyright 2017 aCONSIGLI UTILI PER LA VITA SPIRITUALE. INVITO ALLA VITA INTERIORE. IL SACRAMENTO DELL'EUCARESTIA. PREFAZIONE DI PARVILLEZ. CURATORE RAVINAUD DOMINIQUE. SOCIETÀ S. PAOLO.  aLIBRI DI PICCOLO FORMATO cBK 71 a611bNOg Copie: 1 c259748d259748 0010406L_09951271aALBAbALBAd2017-01-16l0oL099-512r2017-01-16 00:00:00w2017-01-16yBKz(data import: 16 gennaio 2017) - By Epidotti, Vaglietti.